000 01020pam a2200325 i 4500
999 _c2118
_d2118
001 017955918
003 Uk
005 20230308103147.0
008 160601s2016 enka j 000|j|eng|d
015 _aGBB6A6030
_2bnb
016 7 _a017955918
_2Uk
020 _a9781847157256 (pbk.) :
040 _aStDuBDS
_beng
_cStDuBDS
_dUk
_dKH8
_erda
042 _aukblcatcopy
082 0 4 _a823.92 MAC
_223
100 1 _aMacDonald, Alan,
_d1958-
_eauthor.
245 1 0 _aMonster! /
_cDavid Roberts ; written by Alan MacDonald.
264 1 _aLondon :
_bStripes,
_c2016.
300 _a95 pages :
_billustrations (black and white) ;
_c20 cm.
336 _atext
_2rdacontent
336 _astill image
_2rdacontent
337 _aunmediated
_2rdamedia
338 _avolume
_2rdacarrier
490 0 _aDirty Bertie
500 _aFormerly CIP.
_5Uk
600 0 0 _aDirty Bertie
_c(Fictitious character)
_vJuvenile fiction.
650 0 _aChildren's stories, English.
700 1 _aRoberts, David,
_d1970-
_eillustrator.
942 _2ddc
_cNFIC